Memoirs of William Hickey; (Record no. 552088)
[ view plain ]
| 000 -LEADER | |
|---|---|
| fixed length control field | 00630cam a2200181 4500 |
| 082 ## - DEWEY DECIMAL CLASSIFICATION NUMBER | |
| Classification number | 355.009241 |
| Author Mark | MEM |
| 100 1# - MAIN ENTRY--PERSONAL NAME | |
| Personal name | Hickey, William, |
| 9 (RLIN) | 49306 |
| 245 10 - TITLE STATEMENT | |
| Title | Memoirs of William Hickey; |
| Statement of responsibility, etc. | edited by Alfred Spencer ... |
| 260 ## - PUBLICATION, DISTRIBUTION, ETC. | |
| Place of publication, distribution, etc. | London, |
| Name of publisher, distributor, etc. | Hurst & Blackett, ltd. |
| Date of publication, distribution, etc. | [1919-25] |
| 300 ## - PHYSICAL DESCRIPTION | |
| Extent | 4 v. |
| Other physical details | fronts. (v. 2-4) plates, ports. |
| Dimensions | 23 cm. |
| 500 ## - GENERAL NOTE | |
| General note | First published 1913-25. |
| 505 0# - FORMATTED CONTENTS NOTE | |
| Formatted contents note | I. 1749-1775.--II. 1775-1782.--III. 1782-1790.--IV. 1790-1800. |
| 526 ## - STUDY PROGRAM INFORMATION NOTE | |
| Program name | 0 |
| Interest level | 0 |
| Reading level | 0 |
| Title point value | 355_009241000000000_MEM |
| 526 ## - STUDY PROGRAM INFORMATION NOTE | |
| Program name | 0 |
| Interest level | 0 |
| Reading level | 0 |
| Title point value | 355_009241000000000_MEM |
| 650 ## - SUBJECT ADDED ENTRY--TOPICAL TERM | |
| Topical term or geographic name entry element | MCE |
| 9 (RLIN) | 379 |
| 700 1# - ADDED ENTRY--PERSONAL NAME | |
| Personal name | Spencer, Alfred, |
| 9 (RLIN) | 49307 |
| 942 ## - ADDED ENTRY ELEMENTS (KOHA) | |
| Source of classification or shelving scheme | |
| Koha item type | Book |
| Withdrawn status | Lost status | Source of classification or shelving scheme | Damaged status | Not for loan | Permanent Location | Current Location | Shelving location | Date acquired | Total Checkouts | Full call number | Barcode | Date last seen | Price effective from | Koha item type |
|---|---|---|---|---|---|---|---|---|---|---|---|---|---|---|
| Military College of Engineering (MCE) | Military College of Engineering (MCE) | 01/06/2015 | 355.009241 MEM | MCE-ECM/113 | 01/06/2015 | 01/06/2015 | Book | |||||||
| Military College of Engineering (MCE) | Military College of Engineering (MCE) | 01/20/2015 | 355.009241 MEM | MCE-ECM/115 | 01/20/2015 | 01/20/2015 | Book |
